000 00805nam a2200229Ia 4500
001 15787
003 GE_BSU
008 181216s||||||||xx |||||||||||||| ||und||
040 _cGE_BSU
080 _a821.353.1-31
100 _aჭილაია, სერგი (1912-1992)
245 _aშვილები.გაგრძელება რომანისა "ეკატერინე ჭავჭავაძე
245 _bქრონიკა
245 _cრედ.: რ. მიშველაძე.მხატვ.ა.ბუაძე
260 _aთბილისი
260 _bთბილ. უნ-ტის გამ-ბა
260 _c1992
300 _a320 გვ. ; 20 სმ
653 _aქრონიკა
653 _aშვილები
942 _cBK
999 _c48884
_d48884